Použitie počítačom podporovaných technológií pri rekonštrukcii ráfika

Salvato in:
Dettagli Bibliografici
Autore principale: Rancsó, Bence (Autore)
Altri autori: Morovič, Ladislav (Relatore della tesi)
Natura: Manoscritto Libro
Lingua:slovacco
Pubblicazione: 2015
Soggetti:
Accesso online:http://is.stuba.sk/zp/portal_zp.pl?podrobnosti=96536
Tags: Aggiungi Tag
Nessun Tag, puoi essere il primo ad aggiungerne!!

MARC

LEADER 00000ntm a22000003a 4500
001 stuzp51037
003 SK-STU
005 20160719153732.0
007 ta
008 150427s2015----xo-----f-mn---000-0-slo-d
040 |a STU  |b slo 
041 0 |a slo 
100 1 |a Rancsó, Bence  |u 063000  |4 aut  |U MTF Materiálovotechnologická fakulta  |T MTF Ústav výrobných technológií  |X 47120  |U M3000  |Y 83  |7 47120 
242 0 1 |a Utilization of computer aided technology in rim reconstruction  |y eng 
245 1 0 |a Použitie počítačom podporovaných technológií pri rekonštrukcii ráfika 
260 |c 2015 
650 4 |a koleso  |2 slo 
650 4 |a ráfik  |2 slo 
650 4 |a 3D skener  |2 slo 
650 4 |a rekonštrukcia  |2 slo 
650 4 |a adatívna výrobná metóda  |2 slo 
650 4 |a rim  |2 eng 
650 4 |a reconstruction  |2 eng 
650 4 |a additiv production method  |2 eng 
650 4 |a wheel  |2 eng 
650 4 |a 3D scanner  |2 eng 
700 1 |a Morovič, Ladislav  |4 ths  |X 38280  |7 A000038280 
856 4 |u http://is.stuba.sk/zp/portal_zp.pl?podrobnosti=96536 
996 |c M* BP-7438  |l MMSKP  |s P  |a 0  |w stuzp51037_0001 
SQL |a stuzp51037  |b DBP  |c SLO  |d Použitie počítačom podporovaných technológií pri rekonštrukcii ráfika  |e 47120  |f Rancsó, Bence  |g 063000  |h 38280  |i Morovič, Ladislav  |j 20150623  |k 174  |l 06  |m http://is.stuba.sk/zp/portal_zp.pl?podrobnosti=96536  |n B-PPT  |o 5.2.51. výrobné technológie